| Tag |
First Indicator |
Second Indicator |
Subfields |
| LEADER |
00000cam a2200000 i 4500 |
| 001 |
in00001363613 |
| 005 |
20151006075002.0 |
| 008 |
800821r19801891miua a 000 1 eng d |
| 035 |
|
|
|a (OCoLC)06644360
|
| 035 |
|
|
|9 AHJ0249AM
|
| 037 |
|
|
|a CL0054000003
|b University Microfilms International
|
| 037 |
|
|
|b University Microfilms International, 300 N. Zeeb Rd., Ann Arbor, MI 48106
|
| 040 |
|
|
|a UMI
|c UMI
|d UtOrBLW
|
| 049 |
|
|
|a TXAI
|
| 090 |
|
|
|a PS2048.I6
|b J4 1891
|
| 099 |
|
|
|a film
|a B
|a 3866
|
| 100 |
1 |
|
|a Ingraham, Prentiss,
|d 1843-1904.
|
| 245 |
1 |
4 |
|a The Jew detective /
|c by Col. Prentiss Ingraham.
|
| 264 |
|
1 |
|a New York :
|b Beadle & Adams,
|c 1891.
|
| 300 |
|
|
|a 27 pages :
|b illustrations
|
| 336 |
|
|
|a text
|b txt
|2 rdacontent
|
| 337 |
|
|
|a microform
|b h
|2 rdamedia
|
| 338 |
|
|
|a microfilm reel
|b hd
|2 rdacarrier
|
| 490 |
1 |
|
|a Beadle's New York dime library ;
|v no. 662
|
| 500 |
|
|
|a Microfilm. Ann Arbor, Mich. : University Microfilms International, 1980. -- 1 reel ; 35 mm. -- (Dime novels ; Unit 3 ; 662-DL : reel 37:42).
|
| 500 |
|
|
|a Microform.
|
| 830 |
|
0 |
|a Beadle's New York dime library ;
|v no. 662.
|
| 830 |
|
0 |
|a Beadle's dime novels ;
|v DL-662.
|
| 999 |
|
|
|a MARS
|
| 999 |
f |
f |
|s 3c3b4553-9180-3086-8de5-9efe0355c433
|i 841a1cff-d524-3cb4-84f0-4420687e439d
|t 0
|
| 952 |
f |
f |
|p default
|a Texas A&M University
|b College Station
|c Sterling C. Evans Library
|d Evans: Microforms (3rd floor)
|t 0
|e film B 3866 reel 37:42
|h Other scheme
|i microform -- microfilm reel
|
| 998 |
f |
f |
|a film B 3866 reel 37:42
|t 0
|l Evans: Microforms (3rd floor)
|